[Event "Avoine op 21th"]
[Site "Avoine"]
[Date "2006.07.27"]
[Round "8"]
[White "Bruno, Ricardo"]
[Black "Bousmanne, Christophe"]
[Result "1-0"]
[WhiteElo "1892"]
[BlackElo "1630"]
[PlyCount "49"]
[EventDate "2006.07.22"]
[EventType "swiss"]
[EventRounds "9"]
[EventCountry "FRA"]
[SourceTitle "EXT 2007"]
[Source "ChessBase"]
[SourceDate "2006.11.23"]
[SourceVersion "1"]
[SourceVersionDate "2006.11.23"]
[SourceQuality "1"]

1. d4 Nf6 2. Nf3 e6 3. c4 d5 4. Nc3 c5 5. cxd5 exd5 6. g3 Nc6 7. Bg2 cxd4 8. Nxd4 Bc5 9. Nb3 Bb4 10. 0-0 Bxc3 11. bxc3 h6 12. Ba3 Be6 13. Nd4 Nxd4 14. cxd4 Qa5 15. Qb3 b6 16. Rac1 Kd7 17. Bb4 Qa6 18. e3 Rac8 19. Rfd1 Rxc1 20. Rxc1 Rc8 21. Rxc8 Kxc8 22. Bf1 Qb7 23. Qa3 b5 24. Bf8 a6 25. Bxg7 1-0

[Event "Aulnoye Aymeries"]
[Site "Aulnoye Aymeries"]
[Date "2005.08.12"]
[Round "9"]
[White "Holland, Christophe"]
[Black "Bousmanne, Christophe"]
[Result "1/2-1/2"]
[WhiteElo "1782"]
[BlackElo "1644"]
[PlyCount "79"]
[EventDate "2005.08.09"]
[EventType "tourn"]
[EventRounds "9"]
[EventCountry "FRA"]
[SourceTitle "EXT 2008"]
[Source "ChessBase"]
[SourceDate "2007.11.25"]
[SourceVersion "1"]
[SourceVersionDate "2007.11.25"]
[SourceQuality "1"]

1. d4 Nf6 2. Nf3 e6 3. Bg5 c5 4. c3 d5 5. e3 Nc6 6. Bd3 Be7 7. Nbd2 0-0 8. 0-0 a6 9. a4 b6 10. Re1 Bb7 11. e4 dxe4 12. Nxe4 cxd4 13. cxd4 Nxd4 14. Ne5 Nxe4 15. Bxe4 Bxg5 16. Bxb7 Ra7 17. Be4 Bf6 18. Qd3 g6 19. Ng4 Bg7 20. Rad1 f5 21. Nh6+ Bxh6 22. Qxd4 Qxd4 23. Rxd4 fxe4 24. Rdxe4 Re8 25. Rxe6 Rxe6 26. Rxe6 Rb7 27. h4 Bc1 28. b3 Bd2 29. g4 Kf7 30. Rd6 Bb4 31. Rd5 Ke7 32. h5 gxh5 33. Rg5 Kf8 34. Rxh5 Bc5 35. a5 Rf7 36. Kg2 Rxf2+ 37. Kg3 Kg7 38. axb6 Bxb6 39. g5 Kg6 40. Rh6+ 1/2-1/2

[Event "Aulnoye Aymeries"]
[Site "Aulnoye Aymeries"]
[Date "2005.08.08"]
[Round "1"]
[White "Bousmanne, Christophe"]
[Black "Lasserre, Marc"]
[Result "0-1"]
[WhiteElo "1644"]
[BlackElo "1570"]
[PlyCount "26"]
[EventDate "2005.08.09"]
[EventType "tourn"]
[EventRounds "9"]
[EventCountry "FRA"]
[SourceTitle "EXT 2008"]
[Source "ChessBase"]
[SourceDate "2007.11.25"]
[SourceVersion "1"]
[SourceVersionDate "2007.11.25"]
[SourceQuality "1"]

1. e4 d5 2. exd5 Nf6 3. d4 Nxd5 4. Nc3 Nxc3 5. bxc3 Bf5 6. Bc4 e6 7. Nf3 Nd7 8. 0-0 Bd6 9. Re1 Nf6 10. d5 0-0 11. dxe6 Bxe6 12. Bxe6 fxe6 13. Rxe6 Bxh2+ 0-1